000 00364 a2200109 4500
020 _a8190309897
082 _a361.5 SIN
100 _aSinha, Prabhas C.
245 _aDisaster Relief Rehabilitation and Emergency Humanitarian Assistance
_cPrabhas C. Sinha
260 _aNew Delhi :
_bSBS Publishers and Distributors Pvt. Ltd.
_c2006
300 _axx, 281p. :
_c22 cm
650 _aDisaster Management
999 _c385
_d385